Movies Quiz

Random Movies or Director Quiz

Film Directors - First Names Quiz Stats

Quiz Updated Jan 18, 2012

Challenge
Share
Tweet
Embed
Score 0/54 Timer 04:00
6 Plays Today
First Name % Correct
Steven
96.3%
Alfred
93.7%
Charlie
90.8%
Quentin
88.2%
Stanley
88%
Roman
86.5%
James
85.7%
Tim
81.8%
Orson
77.4%
Wes
77.3%
M. Night
74.6%
John
72.8%
Ron
72.1%
Judd
72%
Robert
71.6%
Joel & Ethan
70.9%
Oliver
67.3%
Christopher
66.8%
Frank
66.6%
Brian
65.3%
Richard
64.9%
J. J.
63.9%
Sam
62%
Ridley or Tony
60.7%
Spike
59%
Terry
57.9%
David
55.8%
First Name % Correct
Cameron
55.3%
Ivan or Jason
55%
Baz
53.6%
Darren
51.4%
Ingmar
50%
Sidney
49.2%
Kathryn
49.1%
Nora
48.5%
George
47.9%
Danny
47.4%
Jonathan or Ted
46%
Billy
45.8%
Elia
45.6%
Sergio
42.8%
Lars
42.6%
Terrence
42.5%
Guillermo
41.6%
Peter
40.1%
Akira
39.1%
Federico
34.3%
Howard
34.2%
William
33%
Alfonso
32.8%
Michael
32%
Fran├žois
30.7%
Jane
30.5%
Julie
24%

You're not logged in!

Compare scores with friends on all Sporcle quizzes.
Join for Free
OR
Log In

You Might Also Like...

Show Comments

Extras

Top Quizzes Today


Score Distribution

Your Account Isn't Verified!

In order to create a playlist on Sporcle, you need to verify the email address you used during registration. Go to your Sporcle Settings to finish the process.

Report this User

Report this user for behavior that violates our Community Guidelines.

Details: